000 00675nam a22001935i 4500
001 158294
003 ES-MaACL
005 20230906211106.0
008 040826s1849 gw |||| | eng d
040 _aCAM
_bspa
_cCAM
100 1 _aLytton, Edward Bulwer Lytton
_cBaron.
_974965
245 1 4 _aThe Caxtons
_b: a family picture /
_cby sir Edward Bulwer Lytton.
260 _aLeipzig :
_bBernhard Tauchnitz,
_c1849.
300 _a2 v. (335; 299 p.) ;
_c16 cm.
490 1 _aCollection of british authors ;
_v178; 179
830 0 _aCollection of british authors ;
_v178; 179
_9180703
852 _aES-MaACL
_jG-12206
_z-- Enc. hol.
_z-- 2 t. en 1 v.
999 _c158294
_d158294